| 000 | 00833nam a2200217 a 4500 | ||
|---|---|---|---|
| 001 | 000026888 | ||
| 005 | 20200930030454.0 | ||
| 008 | 110328s1980 dr ac r 001 0 spa d | ||
| 040 |
_aDO-SdBNP _bspa _cBNPHU |
||
| 082 |
_a133.6 _bS182i |
||
| 100 | 1 |
_aSalvador P., Diego Miguel _qDiego de Miguel _954000 |
|
| 245 | 1 | 3 |
_aLa increíble verdad de las líneas de la mano : _bmétodo ilustrado explicativo completo / _cDiego Miguel Salvador P. |
| 260 |
_aSantiago de los Caballeros, República Dominicana : _bJ. C. P. H A. , _c1980. |
||
| 300 |
_a319 p. : _bil., retrs. ; _c22 cm. |
||
| 500 | _aIncluye datos biográficos del autor | ||
| 504 | _aBibliografía : p. 311-313 | ||
| 590 | _aInventariado, 2018/LP | ||
| 650 | 4 |
_aQuiromancia _xEnseñanza _954001 |
|
| 650 | 4 |
_aParapsicología _92394 |
|
| 910 | _aValidado. Control de calidad. EMS | ||
| 999 |
_c26380 _d26380 |
||